Teoría del Neoconstitucionalismo: ensayos escogidos
Gorde:
| Egile nagusia: | |
|---|---|
| Formatua: | Ezezaguna |
| Hizkuntza: | ingelesa gaztelania |
| Argitaratua: |
Madrid
Trotta
2007
|
| Edizioa: | Primera edición |
| Gaiak: | |
| Etiketak: |
Etiketa erantsi
Etiketarik gabe, Izan zaitez lehena erregistro honi etiketa jartzen!
|
MARC
| LEADER | 00000 a2200000 4500 | ||
|---|---|---|---|
| 003 | CL-VaPUC | ||
| 005 | 20210624225116.0 | ||
| 008 | 191227b ||||| |||| 00| 0 eng d | ||
| 999 | |c 376021 |d 376019 | ||
| 020 | |a 9788481649284 | ||
| 040 | |c Pontificia Universidad Católica de Valparaíso | ||
| 041 | 0 | |a spa | |
| 082 | |a 342.9 CAR 2007 | ||
| 100 | |a Carbonell, Miguel |9 604949 | ||
| 245 | |a Teoría del Neoconstitucionalismo: |b ensayos escogidos | ||
| 250 | |a Primera edición | ||
| 260 | |b Trotta |c 2007 |a Madrid | ||
| 300 | |a 334 p | ||
| 505 | 0 | |a I. Problemas conceptuales II. Neoconstitucionalismo y derechos fundamentales III. Debate sobre el Neoconstitucionalismo | |
| 583 | |k Hugo Gaete |c 20191227 | ||
| 650 | 0 | 0 | |a Derecho constitucional |9 222588 |
| 650 | 0 | 0 | |a NEOCONSTITUCIONALISMO |9 604405 |
| 650 | 0 | 0 | |a Constitucionalismo |9 341373 |
| 942 | |2 ddc |c BK | ||
| 952 | |0 0 |1 0 |2 ddc |4 0 |6 342_900000000000000_CAR_2007 |7 0 |9 495176 |a BIBDER |b BIBDER |d 2019-12-26 |e 36 |g 16977.00 |i 5571049 |o 342.9 CAR 2007 |p 5571049 |r 2023-01-25 |t 1 |v 16977.00 |w 2019-12-26 |y BK |k DER | ||